| Tag |
First Indicator |
Second Indicator |
Subfields |
| LEADER |
00000cam a2200000 a 4500 |
| 001 |
in00000016408 |
| 005 |
20151007052751.0 |
| 008 |
871211s1987 ne a b 10010 eng d |
| 020 |
|
|
|a 9066050039
|
| 035 |
|
|
|a (OCoLC)17220322
|
| 035 |
|
|
|9 AAA9096AM
|
| 040 |
|
|
|a AZU
|c AZU
|d TXA
|d UtOrBLW
|
| 049 |
|
|
|a TXAM
|c [A11050706]
|
| 050 |
|
4 |
|a SB359
|b .I54 1985
|
| 111 |
2 |
|
|a International Workshop on Temperate Zone Fruits in the Tropics and Subtropics
|n (2nd :
|d 1985 :
|c Cagua, Venezuela)
|
| 245 |
1 |
0 |
|a Second International Workshop on Temperate Zone Fruits in the Tropics and Subtropics :
|b Cagua, Venezuela 9-14 December 1985 /
|c with the cooperation of Fundacion Servicio para el Agricultor ; sponsored by United Nations Food and Agricultural Organization ; [editor F.G. Dennis, Jr.] ; conveners C. Campbell, P. Corzo, F.G. Dennis, Jr.
|
| 264 |
|
1 |
|a Wageningen, The Netherlands :
|b Commission for Tropical and Subtropical Horticulture, Working Group on Temperate Zone Fruits in the Tropics and Subtropics, ISHS,
|c [1987]
|
| 300 |
|
|
|a 191 pages :
|b illustrations ;
|c 24 cm.
|
| 336 |
|
|
|a text
|b txt
|2 rdacontent
|
| 337 |
|
|
|a unmediated
|b n
|2 rdamedia
|
| 338 |
|
|
|a volume
|b nc
|2 rdacarrier
|
| 490 |
1 |
|
|a Acta horticulturae ;
|v no. 199
|
| 500 |
|
|
|a "August 1987"
|
| 504 |
|
|
|a Includes bibliographies.
|
| 650 |
|
0 |
|a Fruit-culture
|z Tropics
|x Congresses.
|
| 700 |
1 |
|
|a Dennis, F. G.
|q (Frank George),
|d 1932-
|
| 710 |
2 |
|
|a Food and Agriculture Organization of the United Nations.
|
| 830 |
|
0 |
|a Acta horticulturae ;
|v no. 199.
|
| 999 |
|
|
|a MARS
|
| 999 |
f |
f |
|s a9e3ec1b-25b9-36a0-abca-74a11f435d7d
|i 6592bb09-394f-3fde-bc5e-43148b8c1a42
|t 0
|
| 952 |
f |
f |
|p ric
|a Texas A&M University
|b Rellis Campus
|c Joint Library Facility
|d Remote Storage
|t 0
|e SB359 .I54 1985
|h Library of Congress classification
|i unmediated -- volume
|m A14811050706
|
| 998 |
f |
f |
|a SB359 .I54 1985
|t 0
|l Remote Storage
|